Revolt in the desert / (Record no. 553206)

000 -LEADER
fixed length control field 00697mam a2200217 i 4500
082 00 - DEWEY DECIMAL CLASSIFICATION NUMBER
Classification number 953.8
Author Mark LAW
100 1# - MAIN ENTRY--PERSONAL NAME
Personal name Lawrence, T. E.
9 (RLIN) 49448
245 10 - TITLE STATEMENT
Title Revolt in the desert /
Statement of responsibility, etc. T. E. Lawrence.
260 ## - PUBLICATION, DISTRIBUTION, ETC.
Place of publication, distribution, etc. Garden City, N.Y. :
Name of publisher, distributor, etc. Garden City Pub. Co.,
Date of publication, distribution, etc. c1927.
300 ## - PHYSICAL DESCRIPTION
Extent xii, [4], 335 p. :
Other physical details front. (port.) fold. map ;
Dimensions 22 cm.
490 1# - SERIES STATEMENT
Series statement Star series
500 ## - GENERAL NOTE
General note At head of title: 'T.E. Lawrence.'
500 ## - GENERAL NOTE
General note Illustrated lining-papers.
500 ## - GENERAL NOTE
General note Includes index.
500 ## - GENERAL NOTE
General note On title page: The Star series.
526 ## - STUDY PROGRAM INFORMATION NOTE
Program name 0
Interest level 0
Reading level 0
Title point value 953_800000000000000_LAW
650 #0 - SUBJECT ADDED ENTRY--TOPICAL TERM
Topical term or geographic name entry element Arabs.
650 #0 - SUBJECT ADDED ENTRY--TOPICAL TERM
Topical term or geographic name entry element MCE
9 (RLIN) 379
650 #0 - SUBJECT ADDED ENTRY--TOPICAL TERM
Topical term or geographic name entry element World War, 1914-1918
General subdivision Campaigns
Geographic subdivision Turkey.
942 ## - ADDED ENTRY ELEMENTS (KOHA)
Source of classification or shelving scheme
Koha item type Book
Holdings
Withdrawn status Lost status Source of classification or shelving scheme Damaged status Not for loan Permanent Location Current Location Shelving location Date acquired Total Checkouts Full call number Barcode Date last seen Price effective from Koha item type
          Military College of Engineering (MCE) Military College of Engineering (MCE)   02/02/2015   953.8 LAW MCE-ECR/49 02/02/2015 02/02/2015 Book
© 2023 Central Library, National University of Sciences and Technology. All Rights Reserved.